[Event "Championnat de France des Jeunes - Cadet"]
[Site "Aix les Bains"]
[Date "2009.04.22"]
[Round "5.13"]
[White "Vidal, Llewellyn"]
[Black "Millon, Valentin"]
[Result "0-1"]
[WhiteElo "1909"]
[BlackElo "2062"]
[PlyCount "58"]

1. f4 d5 2. Nf3 Nf6 3. e3 c5 4. Be2 Nc6 5. O-O g6 6. d3 Bg7 7. Nc3 O-O 8. e4 d4
9. Na4 Nd7 10. c4 dxc3 11. Nxc3 Nb6 12. Be3 Nd4 13. Qd2 Qc7 14. Rac1 Rd8 15.
Bxd4 cxd4 16. Nb5 Qd7 17. Qb4 a5 18. Qb3 Rb8 19. Ng5 Rf8 20. Rc7 Qd8 21. f5 a4
22. Qb4 Bd7 23. fxg6 hxg6 24. Qc5 Bxb5 25. Qxb6 Bc6 26. Bg4 Be5 27. Rxf7 Rxf7
28. Nxf7 Qxc7 29. Qc5 Kxf7 0-1

[Event "Championnat de France des Jeunes - Cadet"]
[Site "Aix les Bains"]
[Date "2009.04.22"]
[Round "5.14"]
[White "Devallee, Jeremie"]
[Black "Louis-Sidois, Charles"]
[Result "1-0"]
[WhiteElo "2030"]
[BlackElo "1850"]
[PlyCount "71"]

1. Nc3 Nf6 2. e4 d6 3. f4 g6 4. Nf3 Bg7 5. Bc4 O-O 6. d3 c6 7. O-O d5 8. Bb3
Na6 9. Qe1 Nc5 10. f5 Nxb3 11. axb3 gxf5 12. e5 Ne8 13. Qh4 f6 14. d4 c5 15.
Ne2 cxd4 16. e6 d3 17. Ned4 dxc2 18. Ne1 Qb6 19. Nexc2 Bxe6 20. Re1 Nc7 21. Bf4
Bf7 22. Rxe7 Nb5 23. Be3 Nxd4 24. Nxd4 Rfe8 25. Nxf5 Qxb3 26. Qg3 Bg6 27. Rxg7+
Kh8 28. Rxg6 Rxe3 29. Nxe3 hxg6 30. Qh3+ Kg8 31. Qe6+ Kg7 32. Qe7+ Kg8 33. Ng4
Qb6+ 34. Kh1 Qxb2 35. Nxf6+ Kh8 36. Qh7# 1-0

[Event "Championnat de France des Jeunes - Cadet"]
[Site "Aix les Bains"]
[Date "2009.04.22"]
[Round "5.15"]
[White "Paci, Romain"]
[Black "Chahbazian, Tigran"]
[Result "1-0"]
[WhiteElo "2017"]
[BlackElo "1915"]
[PlyCount "65"]

1. e4 e6 2. d4 d5 3. Nd2 Nf6 4. e5 Nfd7 5. f4 c5 6. Ndf3 b6 7. c3 Ba6 8. Bxa6
Nxa6 9. Ne2 Rc8 10. O-O Be7 11. f5 O-O 12. Nf4 Rc6 13. c4 Nc7 14. cxd5 Nxd5 15.
Nxd5 exd5 16. Qe1 cxd4 17. Qg3 Re8 18. f6 Bf8 19. Nxd4 Rc4 20. Nf5 g6 21. Bf4
Re4 22. Rae1 Nc5 23. Nd6 Bxd6 24. exd6 Rxe1 25. Rxe1 Rxe1+ 26. Qxe1 Ne4 27. Qc1
Nxd6 28. Qc6 Ne4 29. Be5 h5 30. b4 Kf8 31. a3 Qe8 32. Qxd5 Nxf6 33. Qd6+ 1-0

[Event "Championnat de France des Jeunes - Cadettes"]
[Site "Aix les Bains"]
[Date ""]
[Round "5.1"]
[White "Macarry, Elodie"]
[Black "Richard, Emma"]
[Result "0-1"]
[WhiteElo "1863"]
[BlackElo "2070"]
[Annotator ""]

1. e4 c5 2. Nf3 e6 3. c3 d5 4. exd5 Qxd5 5. d4 cxd4 6. cxd4 Nf6 7. Nc3 Qd8 8.
Bd3 Be7 9. O-O O-O 10. Re1 b6 11. Ne4 Bb7 12. Nxf6+ Bxf6 13. Be4 Bxe4 14. Rxe4
Nc6 15. Bf4 Qd5 16. Re2 Nxd4 17. Nxd4 Qxd4 18. Qxd4 Bxd4 19. Rd1 Bf6 20. h3 h6
21. b3 Rfd8 22. Red2 Rxd2 23. Rxd2 Rd8 24. Rxd8+ Bxd8 25. Kf1 Kf8 26. Ke2 Ke8
27. Kd3 Kd7 28. Kc4 a6 29. Be3 Kc6 30. Bd4 g6 31. Be3 b5+ 32. Kd4 f6 33. Bxh6
Bb6+ 34. Ke4 Bxf2 35. Bg7 Bh4 36. g3 f5+ 37. Kf4 Bd8 38. Ke5 Kd7 39. Kd4 Bb6+
40. Kd3 Kd6 41. Bh6 Ke5 42. Bf4+ Kd5 43. Bd2 Bc7 44. Be1 e5 45. Bf2 e4+ 46. Ke2
g5 47. h4 gxh4 48. gxh4 f4 49. Be1 Kd4 50. h5 f3+ 51. Kf2 Kd3 52. h6 Be5 53.
Bb4 Bd4+ 0-1

[Event "Championnat de France des Jeunes - Cadet"]
[Site "Aix les Bains"]
[Date "2009.04.22"]
[Round "5.2"]
[White "Forgues, Valerie"]
[Black "Jeannerot, Lea"]
[Result "1/2-1/2"]
[WhiteElo "2037"]
[BlackElo "1980"]
[PlyCount "96"]

1. e4 c6 2. d4 d5 3. Nc3 dxe4 4. Nxe4 Nd7 5. Ng5 Ngf6 6. Bd3 e6 7. N1f3 Bd6 8.
Qe2 h6 9. Ne4 Nxe4 10. Qxe4 Nf6 11. Qe2 Qc7 12. Bd2 b6 13. O-O-O Bb7 14. Kb1
O-O-O 15. Ba6 Rhe8 16. Bxb7+ Qxb7 17. c4 c5 18. Bc3 Qe4+ 19. Qc2 Qxc2+ 20. Kxc2
Ne4 21. Rhf1 Nxc3 22. bxc3 cxd4 23. cxd4 Re7 24. Kb3 g5 25. h3 Red7 26. Kc2 Rc7
27. Kb3 Rcd7 28. Kc2 Bb8 29. Rfe1 Kb7 30. a4 Re8 31. Kb3 Red8 32. Ra1 Rd6 33.
Kc3 f6 34. a5 h5 35. axb6 axb6 36. g4 hxg4 37. hxg4 Bc7 38. Rh1 Rc6 39. Rh6 e5
40. dxe5 fxe5 41. Rxc6 Kxc6 42. Re1 Re8 43. Nxg5 Rg8 44. Nf3 Rxg4 45. Nxe5+
Bxe5+ 46. Rxe5 Rf4 47. Re6+ Kc5 48. Re5+ Kc6 1/2-1/2

[Event "Championnat de France des Jeunes - Cadet"]
[Site "Aix les Bains"]
[Date "2009.04.22"]
[Round "5.3"]
[White "Genzling, Sylvie"]
[Black "Hourlier, Claire"]
[Result "1/2-1/2"]
[WhiteElo "1967"]
[BlackElo "1883"]
[PlyCount "103"]

1. e4 c5 2. Nf3 Nc6 3. d4 cxd4 4. Nxd4 g6 5. Nc3 Bg7 6. Nb3 Nf6 7. Be2 d6 8.
O-O O-O 9. Re1 a6 10. a4 Be6 11. Bg5 Rc8 12. Bf1 h6 13. Bh4 Re8 14. Nd5 g5 15.
Bg3 Nd7 16. c3 Nce5 17. Rb1 Nb6 18. Nxb6 Qxb6 19. Nd4 Bd7 20. h4 Qa5 21. b4 Qc7
22. Rc1 Nc4 23. a5 Qd8 24. Qh5 e5 25. Nf3 f6 26. Nh2 Be6 27. Qd1 d5 28. exd5
Qxd5 29. Qc2 Qd7 30. Red1 Qf7 31. Nf3 Red8 32. Nd2 Nxd2 33. Rxd2 f5 34. f3 Qc7
35. Bf2 Rxd2 36. Qxd2 Rd8 37. Qc2 Rc8 38. Bb6 Qc6 39. Qd2 Bf6 40. Qe1 e4 41.
hxg5 Bxg5 42. Rc2 exf3 43. gxf3 Bb3 44. Rg2 Qxf3 45. Bd4 Bd5 46. Qe5 Kf7 47.
Qg7+ Ke6 48. Qe5+ Kf7 49. Qg7+ Ke6 50. Qe5+ Kd7 51. Qg7+ Ke6 52. Qe5+ 1/2-1/2

[Event "Championnat de France des Jeunes - Cadet"]
[Site "Aix les Bains"]
[Date "2009.04.22"]
[Round "5.4"]
[White "Garma, Jovanka"]
[Black "Armas, Lara-Maria"]
[Result "1/2-1/2"]
[WhiteElo "1747"]
[BlackElo "1966"]
[PlyCount "74"]

1. e4 c5 2. Nf3 d6 3. d4 cxd4 4. Nxd4 Nf6 5. f3 a6 6. c4 e6 7. Nc3 Be7 8. Nc2
Qc7 9. Be2 Nbd7 10. O-O Ne5 11. Ne3 O-O 12. Kh1 Rd8 13. Qe1 b6 14. Bd2 Bb7 15.
Rd1 Rd7 16. Bc1 Rad8 17. a3 a5 18. Qf2 d5 19. cxd5 exd5 20. exd5 Nxd5 21. Nexd5
Bxd5 22. Nxd5 Rxd5 23. Rxd5 Rxd5 24. Bf4 Bd6 25. b3 Nd3 26. Bxd3 Bxf4 27. Bc4
Rh5 28. h3 Bg3 29. Qe3 Re5 30. Qd2 g6 31. a4 Re8 32. f4 Qe7 33. f5 gxf5 34.
Rxf5 Qe1+ 35. Qxe1 Rxe1+ 36. Rf1 Rxf1+ 37. Bxf1 f6 1/2-1/2

[Event "Championnat de France des Jeunes - Cadet"]
[Site "Aix les Bains"]
[Date "2009.04.22"]
[Round "5.5"]
[White "Muller, Marion"]
[Black "Christophe, Lucie"]
[Result "1-0"]
[WhiteElo "1896"]
[BlackElo "1779"]
[PlyCount "73"]

1. e4 d5 2. exd5 Nf6 3. Nc3 c6 4. dxc6 Nxc6 5. Nf3 Bf5 6. Be2 e6 7. a3 Bd6 8.
h3 h6 9. d3 O-O 10. Be3 Rc8 11. Qd2 a6 12. Nd4 Ne7 13. Bf3 Qc7 14. g4 Bh7 15.
g5 hxg5 16. Bxg5 Be5 17. Nde2 Rfd8 18. Bf4 Ned5 19. Bxe5 Qxe5 20. O-O Qf5 21.
Bg2 Nh5 22. Nxd5 exd5 23. Ng3 Qg6 24. Nxh5 Qxh5 25. Rfe1 Bf5 26. Re5 Qg6 27.
Kh1 Be6 28. c3 Qf6 29. d4 Qe7 30. Rae1 Qd7 31. R5e3 Qb5 32. Rg3 Kf8 33. Bf1 Qb6
34. Qg5 g6 35. Qf6 Ke8 36. Rxg6 Kd7 37. Qxf7+ 1-0

[Event "Championnat de France des Jeunes - Cadet"]
[Site "Aix les Bains"]
[Date "2009.04.22"]
[Round "5.6"]
[White "Rambourg, Juliette"]
[Black "Durot, Edwige"]
[Result "1-0"]
[WhiteElo "1866"]
[BlackElo "1764"]
[PlyCount "39"]

1. c4 c5 2. Nf3 b6 3. d4 cxd4 4. Nxd4 Bb7 5. Nc3 Nf6 6. f3 d5 7. cxd5 Nxd5 8.
Nxd5 Qxd5 9. e4 Qd8 10. Bb5+ Nd7 11. Qb3 e6 12. Nxe6 fxe6 13. Qxe6+ Be7 14. Bg5
Bc8 15. Bc6 Rb8 16. Bf4 Kf8 17. O-O-O Qe8 18. Bxd7 Bxd7 19. Rxd7 Rc8+ 20. Kb1
1-0

[Event "Championnat de France des Jeunes - Cadet"]
[Site "Aix les Bains"]
[Date "2009.04.22"]
[Round "5.7"]
[White "Vinckier, Delphine"]
[Black "Dauchart, Elaine"]
[Result "1-0"]
[WhiteElo "1817"]
[BlackElo "1650"]
[PlyCount "67"]

1. e4 c5 2. Nf3 a6 3. c3 d6 4. d4 cxd4 5. cxd4 Nf6 6. Nc3 e6 7. Be2 b5 8. Bg5
Be7 9. O-O Bb7 10. Re1 Nbd7 11. e5 dxe5 12. dxe5 Ng4 13. Bxe7 Qxe7 14. Qd4 Nh6
15. Ne4 O-O 16. Nd6 Bd5 17. Nd2 Qg5 18. Bf3 Bxf3 19. Nxf3 Qe7 20. Rad1 f6 21.
exf6 Rxf6 22. Ne4 Rf7 23. Neg5 Rxf3 24. Nxf3 Nf6 25. Qb6 Nhg4 26. h3 Nh6 27.
Rxe6 Qf7 28. Rd8+ Rxd8 29. Qxd8+ Qf8 30. Qxf8+ Kxf8 31. Rxa6 Nd5 32. Ra8+ Kf7
33. Rb8 Nb4 34. a4 1-0

[Event "Championnat de France des Jeunes - Cadet"]
[Site "Aix les Bains"]
[Date "2009.04.22"]
[Round "5.8"]
[White "Dubois, Emmanuelle"]
[Black "Jolly, Marie"]
[Result "1-0"]
[WhiteElo "1757"]
[BlackElo "1738"]
[PlyCount "83"]

1. e4 e6 2. d4 d5 3. e5 c5 4. c3 Nc6 5. Nf3 Qb6 6. Bd3 Bd7 7. dxc5 Bxc5 8. O-O
O-O-O 9. b4 Be7 10. a4 a5 11. b5 Na7 12. Be3 Bc5 13. Bxc5 Qxc5 14. Qb3 Ne7 15.
Nbd2 Kb8 16. Rfc1 Ng6 17. Qa3 Qc7 18. Bxg6 hxg6 19. c4 dxc4 20. Rxc4 Qb6 21.
Rac1 Nc8 22. Qc5 f6 23. Ne4 f5 24. Neg5 Rhf8 25. Nd4 Qxc5 26. Rxc5 Nb6 27.
Ndxe6 Nxa4 28. R5c2 Bxb5 29. Nxf8 Rxf8 30. Rc7 Rd8 31. Rxg7 Be8 32. Rg8 Nb6 33.
Nf7 Rc8 34. Rxc8+ Kxc8 35. Rxe8+ Kc7 36. Rd8 Nc8 37. e6 a4 38. Rd3 b5 39. Rc3+
Kb7 40. Ne5 Ne7 41. Rd3 Kc7 42. Rd7+ 1-0

[Event "Championnat de France des Jeunes - Cadet"]
[Site "Aix les Bains"]
[Date "2009.04.22"]
[Round "5.9"]
[White "Anamba-Onana, Marie-Therese"]
[Black "Richard, Celine"]
[Result "1-0"]
[WhiteElo "1540"]
[BlackElo "1588"]
[PlyCount "127"]

1. e4 e5 2. Nf3 Nc6 3. Nc3 Nf6 4. Bb5 d6 5. d4 exd4 6. Nxd4 Bd7 7. Nxc6 bxc6 8.
Bc4 Be7 9. O-O O-O 10. Re1 Be6 11. Bb3 Bxb3 12. axb3 d5 13. Bf4 Bb4 14. Bg5 d4
15. Ra4 dxc3 16. Rxb4 Qxd1 17. Rxd1 cxb2 18. Rb1 a5 19. Rc4 Ra6 20. Rxb2 Rd8
21. Rb1 h6 22. Bh4 g5 23. Bg3 Rd7 24. Re1 Rb6 25. Be5 Kg7 26. h3 Kg6 27. Bc3
Ra6 28. Rc5 Re7 29. f3 Nd7 30. Rxa5 Rxa5 31. Bxa5 Nf6 32. Kf2 Rd7 33. Bc3 Ne8
34. e5 Kf5 35. g4+ Ke6 36. Kg3 Ng7 37. h4 Rd5 38. Re3 Rd1 39. h5 Rc1 40. Re2 c5
41. Ba5 Ne8 42. Bc3 c6 43. Ba5 Ra1 44. b4 Kd5 45. Re4 cxb4 46. Bxb4 Rc1 47. c3
c5 48. Ba5 Rc2 49. Re3 Kc4 50. e6 f6 51. e7 Ra2 52. Bb6 Ra3 53. Kh3 Rxc3 54.
Rxc3+ Kxc3 55. Bxc5 Kd3 56. Kg3 Kc4 57. Ba3 Kd5 58. Kf2 Ke5 59. Bb2+ Ke6 60.
Ba3 f5 61. gxf5+ Kxf5 62. Kg3 Ng7 63. Kg2 Nxh5 64. e8=Q 1-0

[Event "Championnat de France des Jeunes - Cadet"]
[Site "Aix les Bains"]
[Date "2009.04.22"]
[Round "5.10"]
[White "Rascle, Adeline"]
[Black "Gudefin, Marine"]
[Result "1-0"]
[WhiteElo "1620"]
[BlackElo "1399"]
[PlyCount "53"]

1. e4 e5 2. Nf3 Nc6 3. Bc4 Nf6 4. d3 Bb4+ 5. Bd2 a5 6. Nc3 O-O 7. O-O d6 8. h3
h6 9. Ne2 Be6 10. Bb5 Qd7 11. c3 Bc5 12. d4 exd4 13. cxd4 Bb4 14. d5 Nxe4 15.
dxc6 bxc6 16. Bd3 Nf6 17. Qc2 Nd5 18. Nf4 Nf6 19. Be3 Bd5 20. Nd4 c5 21. Nxd5
Nxd5 22. Nf5 Rfe8 23. a3 c4 24. Qxc4 c6 25. axb4 Nxb4 26. Qd4 d5 27. Qxg7# 1-0

[Event "Championnat de France des Jeunes - Cadet"]
[Site "Aix les Bains"]
[Date "2009.04.22"]
[Round "5.11"]
[White "Argente, Lucie"]
[Black "Bruckert, Emma"]
[Result "0-1"]
[WhiteElo "1400"]
[BlackElo "1380"]
[PlyCount "80"]

1. d4 d5 2. Nf3 Nf6 3. e3 Bf5 4. c4 e6 5. cxd5 exd5 6. Be2 Bd6 7. O-O O-O 8.
Nc3 c6 9. b3 Re8 10. Bb2 Nbd7 11. Rc1 Nf8 12. Qd2 Ne4 13. Qd1 Ng6 14. Bd3 Nh4
15. Bxe4 dxe4 16. Nxh4 Qxh4 17. g3 Qh3 18. Ne2 Bg4 19. f4 Bf3 20. Rf2 h5 21.
Qf1 Bg4 22. Qxh3 Bxh3 23. Bc3 c5 24. dxc5 Bxc5 25. Bxg7 Bxe3 26. Bd4 Bxc1 27.
Nxc1 Rad8 28. Rd2 Rxd4 29. Rxd4 e3 30. Rd1 e2 31. Re1 Bg4 32. Kf2 Kg7 33. Nxe2
Rh8 34. Rc1 h4 35. Rc7 hxg3+ 36. hxg3 Rh2+ 37. Kf1 Rxe2 38. Rxb7 Rxa2 39. Rb4
a5 40. Rb5 Be2+ 0-1

[Event "Championnat de France des Jeunes - Minimes"]
[Site "Aix-les-Bains"]
[Date ""]
[Round "5.1"]
[White "Nguyen, Vincent"]
[Black "Ider, Borya"]
[Result "1/2-1/2"]
[WhiteElo "2058"]
[BlackElo "2176"]
[Annotator ""]

1. e4 e6 2. d4 d5 3. Nd2 c5 4. exd5 Qxd5 5. Ngf3 cxd4 6. Bc4 Qd6 7. O-O Nf6 8.
Re1 Nc6 9. Nb3 Bd7 10. Nbxd4 Nxd4 11. Nxd4 Qc7 12. Bb3 O-O-O 13. Qf3 e5 14. Ne2
Bg4 15. Qe3 Bc5 16. Qg3 Bxe2 17. Be3 Bg4 18. Bxc5 Qxc5 19. Rxe5 Qd4 20. c3 Qd6
21. Rae1 Be6 22. Bxe6+ fxe6 23. h3 Nd7 24. Rxe6 Qxg3 25. fxg3 Nf6 26. R6e2 Rhe8
27. Kf2 Rxe2+ 28. Rxe2 Re8 29. Rc2 Kc7 30. Kf3 Kc6 31. g4 Nd5 32. Rd2 Rf8+ 33.
Ke4 Nf6+ 34. Ke5 Re8+ 35. Kf5 Nd5 36. Kg5 Re5+ 37. Kh4 Nf4 38. Kg3 Re2 39. Rd8
g5 40. Rc8+ Kb6 41. Rg8 Rxg2+ 42. Kf3 Rxb2 43. h4 Ng6 44. h5 Ne5+ 45. Kg3 Rc2
46. Rxg5 Rxc3+ 47. Kf4 Nd3+ 48. Kf5 Rc7 49. Rg8 Rf7+ 50. Ke6 Rf2 51. Rg7 h6 52.
Rh7 Rxa2 53. Rxh6 Rh2 54. g5 Kc5 55. Kf5 a5 56. g6 Rg2 57. Rh8 a4 58. h6 Ne5
59. Kxe5 Rxg6 60. h7 Kb4 61. Rg8 Rh6 62. h8=Q Rxh8 63. Rxh8 a3 64. Rh4+ Kb3 65.
Rh3+ 1/2-1/2

[Event "Championnat de France des Jeunes - Minim"]
[Site "Aix-les-Bains"]
[Date "2009.??.??"]
[Round "5.2"]
[White "Manoeuvre, Antoine"]
[Black "Netzer, Jacques"]
[Result "1-0"]
[WhiteElo "2150"]
[BlackElo "2139"]
[PlyCount "77"]

1. d4 Nf6 2. c4 g6 3. Nc3 Bg7 4. e4 d6 5. Be2 O-O 6. Nf3 e5 7. O-O Nc6 8. d5
Ne7 9. b4 Ne8 10. Nd2 f5 11. a4 Nf6 12. Ba3 f4 13. c5 g5 14. g4 h5 15. h3 Ng6
16. f3 Rf7 17. a5 Bf8 18. Kf2 Nh4 19. Rg1 Be7 20. Nc4 hxg4 21. hxg4 Qf8 22. b5
Rh7 23. b6 Ne8 24. Qb3 axb6 25. axb6 dxc5 26. bxc7 Nd6 27. Bb2 Rxa1 28. Rxa1
Nxf3 29. Bxf3 Rh2+ 30. Ke1 Rh3 31. Nxd6 Bxd6 32. Qd1 Bxc7 33. Ra8 c4 34. d6
Bxd6 35. Rxc8 Qxc8 36. Qxd6 Rxf3 37. Nd5 Re3+ 38. Nxe3 fxe3 39. Qg6+ 1-0

[Event "Championnat de France des Jeunes - Minim"]
[Site "Aix-les-Bains"]
[Date "2009.??.??"]
[Round "5.3"]
[White "Sochacki, Christophe"]
[Black "Song, Julien"]
[Result "1-0"]
[WhiteElo "2250"]
[BlackElo "2318"]
[PlyCount "115"]

1. e4 e6 2. d4 d5 3. Nc3 Nc6 4. Nf3 Nf6 5. Bg5 Be7 6. e5 Ne4 7. Bxe7 Qxe7 8.
Nd2 f5 9. Ndxe4 fxe4 10. Qd2 Bd7 11. Be2 O-O 12. Nd1 Qh4 13. c3 Ne7 14. g3 Qh3
15. Ne3 Qh6 16. c4 Bc6 17. cxd5 Bxd5 18. Bg4 Bc6 19. O-O Rad8 20. Rad1 Qg6 21.
Rfe1 Nd5 22. Bh3 Nf4 23. Bg2 Nd3 24. Qc3 Nxe1 25. Rxe1 Qf7 26. Re2 Bb5 27. Rd2
Bd3 28. Bh3 Rfe8 29. f4 Qh5 30. Bg4 Qh6 31. Qxc7 Rxd4 32. Qxb7 Rdd8 33. Qxa7
Qg6 34. b4 Ra8 35. Qd4 Rad8 36. Qb2 h5 37. Bh3 h4 38. Kf2 hxg3+ 39. hxg3 Qh5
40. Bg2 Rf8 41. Qb3 Rde8 42. Kg1 g5 43. f5 g4 44. fxe6 Qg5 45. e7+ Rf7 46. Rf2
Rexe7 47. Nf5 Rc7 48. e6 Rc1+ 49. Bf1 Rxf5 50. e7+ Kg7 51. Qb2+ Kf7 52. Rxf5+
Qxf5 53. Qxc1 Kxe7 54. Qc5+ Qxc5+ 55. bxc5 Bb1 56. a4 e3 57. Be2 Kd7 58. Bb5+
1-0

[Event "Championnat de France des Jeunes - Minim"]
[Site "Aix-les-Bains"]
[Date "2009.??.??"]
[Round "5.4"]
[White "Samoun, Florent"]
[Black "Ternault, Mathieu"]
[Result "1-0"]
[WhiteElo "2045"]
[BlackElo "1911"]
[PlyCount "63"]

1. e4 c5 2. Nc3 a6 3. g3 b5 4. Bg2 Bb7 5. d3 e6 6. f4 Nf6 7. Nf3 Be7 8. O-O b4
9. Ne2 d5 10. e5 Nfd7 11. d4 Nc6 12. Be3 O-O 13. g4 Qc7 14. c3 bxc3 15. bxc3
Na5 16. f5 Rfb8 17. Nf4 Nc4 18. Bc1 Nf8 19. Nh5 Nd7 20. Bf4 cxd4 21. cxd4 Nb2
22. Qb3 Qb6 23. Qe3 Qb4 24. Bg5 Bf8 25. Rab1 Nb6 26. Bf6 N6c4 27. Qf2 Qc3 28.
fxe6 fxe6 29. Ng5 Nd3 30. Qh4 Qxd4+ 31. Kh1 Ne3 32. Nxg7 1-0

[Event "Championnat de France des Jeunes - Minim"]
[Site "Aix-les-Bains"]
[Date "2009.??.??"]
[Round "5.5"]
[White "Marie, Loic"]
[Black "Velten, Paul"]
[Result "1/2-1/2"]
[WhiteElo "1971"]
[BlackElo "2129"]
[PlyCount "82"]

1. Nf3 d5 2. c4 dxc4 3. e4 b5 4. a4 c6 5. axb5 cxb5 6. b3 Bb7 7. bxc4 e5 8.
cxb5 Bc5 9. Bb2 Nf6 10. Bc4 Nxe4 11. O-O O-O 12. Nxe5 Bd4 13. Qb3 Bxb2 14.
Bxf7+ Rxf7 15. Qxf7+ Kh8 16. Qe6 Bxe5 17. Qxe5 Nd7 18. Qf4 Qb6 19. Na3 Rf8 20.
Qe3 Qd6 21. Nc4 Qd5 22. f3 Nec5 23. Rfc1 Nd3 24. Rc3 Nf4 25. Rxa7 Qxb5 26. Rb3
Qxc4 27. Rbxb7 Ne5 28. h3 Nc6 29. Rf7 Ng6 30. Qa3 Re8 31. Rac7 Qd4+ 32. Kh2 Nd8
33. Rcd7 Qe5+ 34. f4 Qe4 35. Rxg7 Qxf4+ 36. Qg3 Qxg3+ 37. Kxg3 Nf8 38. Rge7
Rxe7 39. Rxe7 Nde6 40. Ra7 Ng6 41. Kf2 Kg8 1/2-1/2

[Event "Championnat de France des Jeunes - Minim"]
[Site "Aix-les-Bains"]
[Date "2009.??.??"]
[Round "5.6"]
[White "Fevre, Mathieu"]
[Black "Pilte, Nicolas"]
[Result "1-0"]
[WhiteElo "2065"]
[BlackElo "1974"]
[PlyCount "43"]

1. e4 e5 2. Nf3 Nc6 3. Bc4 Nf6 4. d4 exd4 5. e5 Ng4 6. O-O d6 7. exd6 Qxd6 8.
Re1+ Be6 9. h3 Nf6 10. Ng5 Nd5 11. Nxf7 Kxf7 12. Qf3+ Ke7 13. Bxd5 Nd8 14. Bf4
Qc5 15. Bg5+ Kd7 16. Bxe6+ Nxe6 17. Qf7+ Kc6 18. Qxe6+ Bd6 19. Qg4 h5 20. Qh4
Rhf8 21. Nd2 Rf5 22. Nb3 1-0

[Event "Championnat de France des Jeunes - Minim"]
[Site "Aix-les-Bains"]
[Date "2009.??.??"]
[Round "5.7"]
[White "Di Nicolantonio, Lucas"]
[Black "Domenech, Vianney"]
[Result "1-0"]
[WhiteElo "2064"]
[BlackElo "1987"]
[PlyCount "74"]

1. e4 d5 2. exd5 Qxd5 3. Nc3 Qa5 4. d4 Nf6 5. Nf3 Bf5 6. Bc4 e6 7. O-O c6 8.
Re1 Nbd7 9. Bf4 Bb4 10. Bd2 Qc7 11. Ne5 b5 12. Be2 Bd6 13. Bf3 Bxe5 14. dxe5
Nd5 15. Nxd5 cxd5 16. Bb4 Rc8 17. Bd6 Qc6 18. a4 bxa4 19. c4 Nb6 20. cxd5 exd5
21. Qd2 h6 22. Rac1 Nc4 23. Qd4 Qb6 24. Qxd5 Be6 25. Rxc4 Rxc4 26. Qd2 Bf5 27.
h3 Rc2 28. Qd1 Qxf2+ 29. Kh2 g5 30. Rf1 Qh4 31. Bg4 Rf2 32. Qxa4+ Kd8 33. Qa5+
Kd7 34. Bxf5+ Rxf5 35. Rxf5 Qc4 36. Rxf7+ Qxf7 37. Qc7+ Ke6 1-0

[Event "Championnat de France des Jeunes - Minim"]
[Site "Aix-les-Bains"]
[Date "2009.??.??"]
[Round "5.8"]
[White "Muheim, Sebastien"]
[Black "Naudion, Gregoire"]
[Result "1-0"]
[WhiteElo "2031"]
[BlackElo "1938"]
[PlyCount "45"]

1. d4 Nf6 2. c4 c5 3. d5 e6 4. Nc3 exd5 5. cxd5 Bd6 6. e4 O-O 7. Bg5 Re8 8. Bd3
Nxe4 9. Nxe4 Qxg5 10. Nf3 Qxg2 11. Rg1 Qh3 12. Nfg5 Qxh2 13. Kf1 Be5 14. Qe2 d6
15. Nf6+ Kf8 16. Nxe8 Kxe8 17. Qf3 f6 18. Ne6 Bxe6 19. dxe6 g5 20. Bb5+ Kd8 21.
Qxb7 Qh3+ 22. Rg2 Qh1+ 23. Ke2 1-0

[Event "Championnat de France des Jeunes - Minim"]
[Site "Aix-les-Bains"]
[Date "2009.??.??"]
[Round "5.9"]
[White "Touzeau, Maxime"]
[Black "Divine, Armand"]
[Result "0-1"]
[WhiteElo "1876"]
[BlackElo "2018"]
[PlyCount "58"]

1. d4 Nf6 2. c4 g6 3. Nc3 Bg7 4. e4 d6 5. Nge2 O-O 6. Ng3 e5 7. d5 a5 8. Be2
Na6 9. h4 h6 10. Be3 Kh7 11. Nf1 Nc5 12. Bxc5 dxc5 13. g4 Ne8 14. Ng3 Nd6 15.
a4 Qf6 16. Qd2 Qf4 17. Nb5 Nxb5 18. cxb5 Bxg4 19. Bxg4 Qxg4 20. Qe3 f5 21. Qxc5
f4 22. Ne2 Qg2 23. Rg1 Qxe4 24. Kf1 b6 25. Qc6 f3 26. Nc3 Qd3+ 27. Ke1 Rf4 28.
Rd1 Re4+ 29. Nxe4 Qe2# 0-1

[Event "Championnat de France des Jeunes - Minim"]
[Site "Aix-les-Bains"]
[Date "2009.??.??"]
[Round "5.10"]
[White "Ollier, Milan"]
[Black "Palacios-Aguilar, Diego-Andre"]
[Result "1-0"]
[WhiteElo "1991"]
[BlackElo "1862"]
[PlyCount "44"]

1. e4 c5 2. Nf3 Nc6 3. Bb5 e6 4. Bxc6 bxc6 5. d3 Nf6 6. O-O d5 7. Nc3 Be7 8. e5
Nd7 9. b3 O-O 10. Qd2 f6 11. Ba3 Nxe5 12. Nxe5 fxe5 13. Na4 c4 14. Bxe7 Qxe7
15. dxc4 dxc4 16. Rfe1 Ba6 17. Rxe5 Qf6 18. Qe3 cxb3 19. axb3 Bb5 20. Nc5 Rad8
21. c4 Rd2 22. Rf1 Qd8 1-0

[Event "Championnat de France des Jeunes - Minim"]
[Site "Aix-les-Bains"]
[Date "2009.??.??"]
[Round "5.11"]
[White "Ambroise, Thibault"]
[Black "Ane, Cedric"]
[Result "0-1"]
[WhiteElo "1611"]
[BlackElo "2060"]
[PlyCount "94"]

1. e4 c5 2. d4 cxd4 3. c3 dxc3 4. Nxc3 Nc6 5. Bc4 e6 6. Nf3 a6 7. O-O Nge7 8.
Bg5 f6 9. Be3 b5 10. Bb3 Ng6 11. Qe2 Be7 12. Rfd1 Qc7 13. Rac1 O-O 14. Nd5 Qb7
15. Nxe7+ Ngxe7 16. Rd6 Na5 17. Qd3 Nec6 18. Nd2 Qb8 19. Bf4 Kh8 20. Rdxc6 Qxf4
21. g3 Qb8 22. R6c2 Nc6 23. a3 Re8 24. f4 Qb6+ 25. Kf1 Nd4 26. Rc5 d6 27. Rh5
e5 28. f5 Ra7 29. Nf3 Nxb3 30. Qxb3 Rc7 31. Rxc7 Qxc7 32. Qd1 Qc4+ 33. Kg1 Qxe4
34. Nd2 Qe3+ 35. Kg2 Bb7+ 36. Kh3 h6 37. Rh4 Re7 38. Nf1 Qc5 39. Qd2 Qd5 40.
Qf2 Qf7 41. Qb6 d5 42. Qd8+ Re8 43. Qd6 d4 44. b4 Qe7 45. Qb6 e4 46. Rg4 e3 47.
Nxe3 dxe3 0-1

[Event "Championnat de France des Jeunes - Minim"]
[Site "Aix-les-Bains"]
[Date "2009.??.??"]
[Round "5.12"]
[White "Dubessay, Bastien"]
[Black "L'Huillier, Robin"]
[Result "1-0"]
[WhiteElo "2134"]
[BlackElo "1932"]
[PlyCount "61"]

1. d4 d5 2. c4 dxc4 3. Nf3 a6 4. a4 Nf6 5. e3 e6 6. Bxc4 c5 7. O-O Nc6 8. Qe2
Qc7 9. Rd1 b6 10. b3 Bb7 11. Bb2 Bd6 12. dxc5 Bxc5 13. Nbd2 O-O 14. Rac1 Ng4
15. Bd3 h6 16. Ne4 Nge5 17. Nxe5 Nxe5 18. Bb1 f5 19. Nd6 Nc6 20. Nxb7 Qxb7 21.
Bc3 Rfd8 22. Qc4 Rxd1+ 23. Rxd1 Qf7 24. b4 Be7 25. Qxc6 Rd8 26. Rxd8+ Bxd8 27.
Ba2 Qh5 28. Qxe6+ Kf8 29. Qg8+ Ke7 30. Qxg7+ Kd6 31. Qe5+ 1-0

[Event "Championnat de France des Jeunes - Minim"]
[Site "Aix-les-Bains"]
[Date "2009.??.??"]
[Round "5.13"]
[White "Dionisi, Thomas"]
[Black "Delalee, Paul"]
[Result "1/2-1/2"]
[WhiteElo "2129"]
[BlackElo "1939"]
[PlyCount "100"]

1. e4 c5 2. Nf3 d6 3. Bb5+ Bd7 4. Bxd7+ Qxd7 5. O-O Nf6 6. Re1 e6 7. c4 Nc6 8.
d4 cxd4 9. Nxd4 Be7 10. Nc3 O-O 11. b3 Rfd8 12. Bb2 Rac8 13. Qd3 Qc7 14. Rad1
a6 15. Kh1 Ne5 16. Qh3 Ng6 17. Qg3 Qc5 18. f4 Nh5 19. Qf3 Nhxf4 20. g3 Nh3 21.
Qg2 Qh5 22. Nde2 Ne5 23. Nf4 Nxf4 24. gxf4 Ng6 25. Rg1 Bf6 26. f5 Nh4 27. Qf2
Qf3+ 28. Qxf3 Nxf3 29. Rg3 Ne5 30. Rf1 Kf8 31. Ne2 Ke7 32. Nf4 b5 33. Nh5 Rg8
34. cxb5 axb5 35. Ba3 Nc6 36. Nxf6 gxf6 37. Rgf3 e5 38. Rd3 b4 39. Bc1 Rg4 40.
Re1 Nd4 41. Bd2 Rc2 42. Bxb4 Rgg2 43. Rh3 Rcf2 44. Ree3 Nc2 45. Be1 Nxe1 46.
Rxe1 Rxa2 47. Rxh7 Rge2 48. Rxe2 Rxe2 49. Rh4 Rb2 50. Rh3 Re2 1/2-1/2

[Event "Championnat de France des Jeunes - Minim"]
[Site "Aix-les-Bains"]
[Date "2009.??.??"]
[Round "5.14"]
[White "Duboue, Peio"]
[Black "Brunier, Jules"]
[Result "0-1"]
[WhiteElo "1926"]
[BlackElo "2004"]
[PlyCount "88"]

1. e4 e6 2. d4 d5 3. Nc3 Nf6 4. Bg5 Bb4 5. e5 h6 6. Be3 Ne4 7. a3 Bxc3+ 8. bxc3
Nxc3 9. Qg4 g6 10. Bd3 Nc6 11. Nf3 Ne7 12. O-O Bd7 13. Bd2 Ne4 14. Bxe4 dxe4
15. Qxe4 Bc6 16. Qd3 Qd7 17. c4 O-O-O 18. Bc3 Rhg8 19. Nd2 Nf5 20. Nb3 b6 21.
Rab1 Bb7 22. Qh3 Qa4 23. c5 Ba6 24. Rfc1 Bc4 25. Nd2 Bd5 26. cxb6 axb6 27. Rb4
Qa6 28. Bb2 Ne7 29. Ba1 Nc6 30. Rbb1 Rd7 31. Qxh6 Qxa3 32. Qe3 Qxe3 33. fxe3
Kb7 34. Rf1 Ra8 35. Kf2 Ra2 36. Rb2 Ra3 37. h3 Rd8 38. Rc2 Nb4 39. Rc3 Ra2 40.
Rfc1 Rxd2+ 41. Ke1 Rxg2 42. Rxc7+ Kb8 43. Kf1 Rh2 44. h4 Nc6 0-1